Defensa de la declaración de la asamblea del clero de Francia de 1682 (Record no. 8616)

MARC details
000 -CABECERA
campo de control de longitud fija 00933nam a2200229 a 4500
001 - NÚMERO DE CONTROL
campo de control BRCA_8965
005 - FECHA Y HORA DE LA ÚLTIMA TRANSACCIÓN
campo de control 20190320210456.0
008 - DATOS DE LONGITUD FIJA--INFORMACIÓN GENERAL
campo de control de longitud fija 050717s1771----sp-#######---#000-0#spa-#
041 ## - CÓDIGO DE LENGUA
Código de lengua del texto/banda sonora o título independiente spa
044 ## - CÓDIGO DEL PAÍS DE LA ENTIDAD EDITORA/PRODUCTORA
Código MARC del país sp
084 ## - OTRO NÚMERO DE CLASIFICACIÓN
Número de clasificación CO77
Número de documento/Ítem .B68 1771
100 1# - ENTRADA PRINCIPAL--NOMBRE DE PERSONA
Nombre de persona Bossuet, Jacobo Benigno
9 (RLIN) 21906
245 10 - MENCIÓN DE TÍTULO
Título Defensa de la declaración de la asamblea del clero de Francia de 1682
Resto del título a cerca de la potestad eclesiástica
Mención de responsabilidad, etc. por el Ilmo. Señor Jacobo Benigno Bossuet, Obispo de Meaux; traducida en español por el Doctor Don Francisco Martínez Molés; Tomo segundo.
260 ## - PUBLICACIÓN, DISTRIBUCIÓN, ETC.
Lugar de publicación, distribución, etc. Madrid
Nombre del editor, distribuidor, etc. En la Oficina de Pedro Marin
Fecha de publicación, distribución, etc. 1771
300 ## - DESCRIPCIÓN FÍSICA
Extensión XV, 415 p. (t.2)
Dimensiones 21 x 16 cm
500 ## - NOTA GENERAL
Nota general Con Superior Permiso, y Licencia
500 ## - NOTA GENERAL
Nota general Estado físico: presenta encuadernación en pergamino
650 14 - PUNTO DE ACCESO ADICIONAL DE MATERIA--TÉRMINO DE MATERIA
Término de materia o nombre geográfico como elemento de entrada Política
Subdivisión cronológica Obras anteriores a 1800
Subdivisión geográfica Francia
9 (RLIN) 21801
700 1# - PUNTO DE ACCESO ADICIONAL--NOMBRE DE PERSONA
Nombre de persona Martínez Molés, Francisco
Término indicativo de función/relación tr.
9 (RLIN) 22267
902 ## - CATALOGADOR
Iniciales CFM
942 ## - ELEMENTOS DE PUNTO DE ACCESO ADICIONAL (KOHA)
Fuente del sistema de clasificación o colocación Library of Congress Classification
Tipo de ítem Koha Libros
Holdings
Estado de retiro Estado de pérdida Estado dañado No para préstamo Localización permanente Ubicación/localización actual Fecha de adquisición Total de préstamos Signatura topográfica completa Código de barras Fecha visto por última vez Precio válido a partir de Tipo de ítem Koha
El ejemplar forma parte de la colección y puede ser consultado según las políticas vigentes.       Biblioteca del Museo Franz Mayer (Rogerio Casas-Alatriste) Biblioteca del Museo Franz Mayer (Rogerio Casas-Alatriste) 05/07/2017   CO77 .B68 1771 9663 22/03/2019 22/03/2019 Libros